000 00586nam a22001817a 4500
003 OSt
005 20260415072637.0
008 260415b |||||||| |||| 00| 0 eng d
020 _a9718905227
040 _aDWCL GS lib
_cOC
082 _aRes.(Fil.) 808.81 C227s 2000
100 _aCanonigo, C.S.
245 _aSparks of Wisdom (For All Ages) Part 2 :
_bInspirational Poems That Will Change Your Life /
_cC.S Canonigo
260 _aManila
_bRSO Trading
_cc2000.
300 _aix, 210 pages:
_billustrations
_c10cm.
546 _aEnglish
942 _2ddc
_cBK-0 CIRC
_hRes.(Fil.)
_n0
999 _c9462
_d9462